000 00341nam a22001217a 4500
040 _cHS
082 _a338
100 _aបូរ៉ា កាធី
245 _aវិទ្យាសាស្ត្រគ្រប់គ្រងកសិដ្ឋាន
260 _aRUA
_bបូរ៉ា កាធី
_c2002
300 _a118p;
942 _cKB
999 _c9855
_d9855